All 10k+ Cities in Central Asia - Statistics

General Stats
  • This quiz has been taken 9 times
  • The average score is 25 of 359
Answers on the Map
Answers color-coded by a green-red scale on the quiz's map according to % correct below.
 
Answer Stats
FLS Population answer % Correct
Kazakhstan 345,604 Astana
100%
Kyrgyzstan 1,103,562 Biškek
100%
Tajikistan 16,900 Šajdon
100%
Kazakhstan 2,000,900 Almaty
88%
Uzbekistan 1,978,028 Tashkent
88%
Turkmenistan 1,030,063 Aşgabat
75%
Tajikistan 1,201,800 Dušanbe
75%
Turkmenistan 167,027 Mary
75%
Kyrgyzstan 315,881
75%
Uzbekistan 247,644 Bukhara
63%
Uzbekistan 319,366 Samarkand
63%
Kazakhstan 414,032 Shymkent
63%
Kazakhstan 180,000 Atyrau
50%
Turkmenistan 123,190 Balkanabat
50%
Uzbekistan 164,322 Fergana
50%
Uzbekistan 432,456 Namangan
50%
Kazakhstan 200,920 Petropavl
50%
Kazakhstan 358,153 Taraz
50%
Turkmenistan 230,861 Türkmenabat
50%
Turkmenistan 91,745 Türkmenbaşy
50%
Kazakhstan 262,457 Aktobe
38%
Uzbekistan 318,419 Andijon
38%
Kazakhstan 210,000 Kostanay
38%
Kazakhstan 300,000 Kyzylorda
38%
Uzbekistan 230,006 Nukus
38%
Kazakhstan 200,000 Oral
38%
Kazakhstan 329,002 Pavlodar
38%
Kazakhstan 292,780 Semey
38%
Kazakhstan 97,360 Turkestan
38%
Kyrgyzstan 117,533 Žalal-Abat
38%
Kazakhstan 33,017 Aral
25%
Kazakhstan 70,000 Baikonur
25%
Tajikistan 19,800 Balch
25%
Kyrgyzstan 51,487 Balykčy
25%
Tajikistan 126,700 Bochtar
25%
Tajikistan 198,700 Chuçand
25%
Turkmenistan 201,142 Daşoguz
25%
Kazakhstan 121,470 Ekibastuz
25%
Uzbekistan 152,642 Jizzax
25%
Kazakhstan 451,800 Karagandy
25%
Kazakhstan 124,444 Kokshetau
25%
Uzbekistan 222,898 Qarshi
25%
Uzbekistan 57,051 Shahrisabz
25%
Kazakhstan 116,558 Taldykorgan
25%
Kazakhstan 16,773 Akkol’
13%
Kazakhstan 44,808 Aksu
13%
Uzbekistan 126,957 Angren
13%
Kyrgyzstan 19,390 Batken
13%
Kyrgyzstan 12,552 Čolpon-Ata
13%
Uzbekistan 25,368 G‘uzor
13%
Kyrgyzstan 77,241 Karakol
13%
Kyrgyzstan 23,048 Kara-Kôl
13%
Turkmenistan 37,176 Köneürgenç
13%
Kazakhstan 10,747 Kurchatov
13%
Kazakhstan 17,711 Makinsk
13%
Uzbekistan 29,180 Muborak
13%
Uzbekistan 121,207 Olmaliq
13%
Kyrgyzstan 61,773 Ôzgôn
13%
Tajikistan 13,800 Panç
13%
Kazakhstan 13,457 Priozersk
13%
Uzbekistan 187,477 Qo‘qon
13%
Kazakhstan 52,664 Ridder
13%
Kazakhstan 124,000 Rudnyy
13%
Kazakhstan 47,290 Shchuchinsk
13%
Kazakhstan 20,087 Shemonaīkha
13%
Kazakhstan 147,443 Shevchenko
13%
Kazakhstan 46,736 Stepnogorsk
13%
Kyrgyzstan 41,067 Talas
13%
Turkmenistan 67,488 Tejen
13%
Kazakhstan 170,600 Temirtau
13%
Kyrgyzstan 73,433 Tokmok
13%
Uzbekistan 150,110 Urganch
13%
Kazakhstan 14,826 Urzhar
13%
Uzbekistan 55,567 Xiva
13%
Kazakhstan 103,598 Zhanaozen
13%
Kazakhstan 34,422 Zharkent
13%
Kazakhstan 11,731 Zhetybay
13%
Kazakhstan 104,357 Zhezqazghan
13%
Kazakhstan 35,454 Abay
0%
Tajikistan 14,600 A. Çomī
0%
Kyrgyzstan 10,860 Ajdarken
0%
Turkmenistan 28,045 Akdepe
0%
Turkmenistan 13,660 Altyn asyr
0%
Turkmenistan 10,330 Amyderýa
0%
Turkmenistan 36,594 Andalyp
0%
Turkmenistan 28,653 Änew
0%
Kazakhstan 34,799 Aqsay
0%
Kazakhstan 42,000 Arkalyk
0%
Kazakhstan 36,285 Arys
0%
Uzbekistan 56,736 Asaka
0%
Turkmenistan 11,466 Astanababa
0%
Kazakhstan 11,378 Asyqata
0%
Kazakhstan 12,895 Atakent
0%
Kazakhstan 13,184 Atasū
0%
Kazakhstan 34,797 Atbasar
0%
Kazakhstan 33,479 Ayaguz
0%
Turkmenistan 13,440 Babadaýhan
0%
Turkmenistan 37,588 Bäherden
0%
Kazakhstan 11,810 Balpyk Bī
0%
Kazakhstan 81,364 Balqash
0%
Kazakhstan 19,260 Balykshi
0%
Turkmenistan 70,376 Baýramaly
0%
Kyrgyzstan 58,383 Bazar-Korgon
0%
Uzbekistan 86,259 Bekobod
0%
Uzbekistan 26,380 Bektemir
0%
Kazakhstan 26,115 Belyye Vody
0%
Turkmenistan 23,697 Bereket
0%
Turkmenistan 13,549 Bereket
0%
Uzbekistan 50,929 Beruniy
0%
Uzbekistan 21,984 Beshariq
0%
Uzbekistan 17,010 Beshkent
0%
Kazakhstan 14,245 Beyneu
0%
Uzbekistan 19,642 Bo‘ka
0%
Turkmenistan 39,582 Boldumsaz
0%
Uzbekistan 25,050 Boysun
0%
Uzbekistan 26,815 Bulung’ur Shahri
0%
Kazakhstan 20,996 Burunday
0%
Tajikistan 35,000 Būston
0%
Tajikistan 13,600 Būston
0%
Kazakhstan 25,356 Chardara
0%
Uzbekistan 13,791 Charxin
0%
Uzbekistan 16,727 Chelak
0%
Kazakhstan 13,616 Chemolgan
0%
Kazakhstan 29,832 Chiili
0%
Uzbekistan 24,553 Chinoz
0%
Uzbekistan 167,842 Chirchiq
0%
Uzbekistan 19,356 Chiroqchi
0%
Uzbekistan 49,844 Chortoq
0%
Tajikistan 31,100 Choruġ
0%
Kazakhstan 39,785 Chu
0%
Kazakhstan 10,836 Chulakkurgan
0%
Uzbekistan 64,966 Chust
0%
Kyrgyzstan 11,022 Čoṇ-Aryk
0%
Turkmenistan 15,409 Dänew
0%
Tajikistan 24,900 Danġara
0%
Turkmenistan 13,777 Darganata
0%
Uzbekistan 19,718 Dashtobod
0%
Uzbekistan 68,994 Denov
0%
Kazakhstan 13,856 Derzhavīnsk
0%
Uzbekistan 16,524 Do’stlik Shahri
0%
Turkmenistan 13,655 Dostluk
0%
Tajikistan 10,600 Dūstī
0%
Kazakhstan 14,226 Dzhalagash
0%
Kazakhstan 43,104 Dzhetygara
0%
Kazakhstan 18,760 Embi
0%
Turkmenistan 12,918 Esenguly
0%
Kazakhstan 32,995 Esik
0%
Kazakhstan 13,504 Esil
0%
Turkmenistan 12,508 Etrek
0%
Tajikistan 39,600 Ëvon
0%
Tajikistan 12,300 Fajzobod
0%
Turkmenistan 20,547 Farap
0%
Tajikistan 27,700 Farchor
0%
Tajikistan 19,300 Ġafurov
0%
Uzbekistan 24,856 Gagarin Shahri
0%
Uzbekistan 15,620 Galaosiyo Shahri
0%
Turkmenistan 15,135 Garabekewül
0%
Uzbekistan 24,700 G‘azalkent
0%
Uzbekistan 11,446 Gazli
0%
Turkmenistan 21,035 Gazojak
0%
Kazakhstan 22,047 Georgīevka
0%
Uzbekistan 41,070 G’ijduvon Shahri
0%
Kazakhstan 11,192 Glubokoye
0%
Turkmenistan 33,381 Gökdepe
0%
Tajikistan 13,700 Ġončī
0%
Turkmenistan 26,770 Görogly
0%
Turkmenistan 18,950 Gubadag
0%
Uzbekistan 53,373 Guliston
0%
Tajikistan 16,700 Guliston
0%
Turkmenistan 30,884 Gumdag
0%
Uzbekistan 27,506 Gurlan
0%
Turkmenistan 48,552 Gyzylarbat
0%
Turkmenistan 20,778 Halaç
0%
Uzbekistan 13,470 Hamza
0%
Uzbekistan 26,257 Haqqulobod
0%
Turkmenistan 14,671 Hazar
0%
Uzbekistan 17,643 Hazorasp
0%
Tajikistan 32,100 H̦isor
0%
Turkmenistan 13,485 Hojambaz
0%
Tajikistan 32,100 H̦ulbuḳ
0%
Kazakhstan 13,254 Inderbor
0%
Tajikistan 54,900 Isfara
0%
Uzbekistan 13,024 Ishtixon Shahri
0%
Uzbekistan 27,636 Iskandar
0%
Tajikistan 10,500 Ismonli Somonī
0%
Tajikistan 64,300 Istaravšan
0%
Tajikistan 18,700 Istiḳlol
0%
Turkmenistan 15,056 Jebel
0%
Uzbekistan 14,429 Jomboy Shahri
0%
Uzbekistan 19,920 Juma Shahri
0%
Kyrgyzstan 10,441 Kadamžaj
0%
Kyrgyzstan 10,006 Kajyṇdy
0%
Turkmenistan 33,315 Kaka
0%
Kazakhstan 28,196 Kandyagash
0%
Kyrgyzstan 23,249 Kant
0%
Kazakhstan 42,167 Kapshagay
0%
Kyrgyzstan 52,499 Kara-Balta
0%
Uzbekistan 22,487 Karakul’
0%
Kyrgyzstan 27,013 Kara-Suu
0%
Kazakhstan 37,881 Karatau
0%
Uzbekistan 59,382 Kattaqo’rg’on Shahri
0%
Uzbekistan 14,147 Kegeyli Shahar
0%
Kazakhstan 57,408 Kentau
0%
Kyrgyzstan 16,769 Kerben
0%
Turkmenistan 32,489 Kerki
0%
Turkmenistan 14,996 Kerkiçi
0%
Kazakhstan 23,715 Khromtau
0%
Uzbekistan 20,459 Kirguli
0%
Uzbekistan 41,938 Kitob
0%
Kyrgyzstan 18,114 Kočkor-Ata
0%
Uzbekistan 62,620 Kogon Shahri
0%
Kyrgyzstan 12,234 Kôk-Žaṇgak
0%
Tajikistan 54,400 Konibodom
0%
Kyrgyzstan 10,458 Košbulak
0%
Uzbekistan 59,681 Koson
0%
Uzbekistan 43,684 Kosonsoy
0%
Turkmenistan 18,816 Köýtendag
0%
Tajikistan 105,800 Kūlob
0%
Kyrgyzstan 44,012 Kyzyl-Kyja
0%
Kazakhstan 21,238 Lenger
0%
Kazakhstan 14,737 Leninskoye
0%
Tajikistan 18,600 Levakant
0%
Kazakhstan 40,000 Lisakovsk
0%
Kazakhstan 10,422 Lugovoy
0%
Kazakhstan 13,128 Lugovoye
0%
Turkmenistan 44,508 Magdanly
0%
Turkmenistan 15,386 Magtymguly
0%
Kyrgyzstan 20,071 Majluu-Suu
0%
Uzbekistan 30,854 Manghit
0%
Kazakhstan 14,082 Maqat
0%
Uzbekistan 133,490 Marg‘ilon
0%
Uzbekistan 14,646 Marhamat
0%
Turkmenistan 12,115 Mekan
0%
Tajikistan 12,200 Men̂natobod
0%
Tajikistan 15,900 Men̂robod
0%
Kazakhstan 15,934 Merke
0%
Tajikistan 24,200 Moskva
0%
Kazakhstan 10,923 Moyynkum
0%
Tajikistan 16,000 Mūminobod
0%
Turkmenistan 14,822 Murgap
0%
Tajikistan 27,100 Murzo Tursunzoda
0%
Uzbekistan 13,000 Mŭynoq
0%
Kyrgyzstan 41,681 Naryn
0%
Tajikistan 20,100 Navkat
0%
Uzbekistan 129,725 Navoiy
0%
Uzbekistan 10,558 Nishon Tumani
0%
Kyrgyzstan 15,891 Nookat
0%
Tajikistan 28,800 Norak
0%
Kazakhstan 35,883 Novokazalinsk
0%
Uzbekistan 48,908 Novyy Turtkul’
0%
Tajikistan 13,000 Nu'mon Roziḳ
0%
Uzbekistan 29,403 Nurota
0%
Tajikistan 11,400 Obikiik
0%
Uzbekistan 35,516 Ohangaron
0%
Uzbekistan 11,984 Olot Shahri
0%
Uzbekistan 25,543 Oltiariq
0%
Uzbekistan 59,122 Oltinko‘l
0%
Uzbekistan 38,307 Oqtosh
0%
Kazakhstan 18,864 Otegen Batyra
0%
Tajikistan 43,800 Pançakent
0%
Uzbekistan 35,973 Parkent
0%
Uzbekistan 21,384 Paxtakor Shahri
0%
Uzbekistan 24,772 Payshamba Shahri
0%
Uzbekistan 27,865 Piskent
0%
Uzbekistan 22,122 Pop
0%
Kazakhstan 13,807 Qarazhal
0%
Kazakhstan 10,285 Qashar
0%
Uzbekistan 27,750 Qibray
0%
Uzbekistan 13,558 Qiziltepa
0%
Uzbekistan 25,861 Qo‘rg‘ontepa
0%
Uzbekistan 16,948 Qo’shko’pir
0%
Kazakhstan 51,216 Qulsary
0%
Uzbekistan 33,167 Quva
0%
Uzbekistan 32,024 Quvasoy
0%
Kyrgyzstan 22,764 Razzakov
0%
Tajikistan 15,200 Roġun
0%
Uzbekistan 12,927 Romitan Shahri
0%
Turkmenistan 19,392 Şabat
0%
Tajikistan 16,700 Šah̦rtuz
0%
Turkmenistan 12,769 Sakar
0%
Turkmenistan 11,891 Sakarçäge
0%
Uzbekistan 26,494 Salor
0%
Kyrgyzstan 11,523 Šamaldy-Saj
0%
Turkmenistan 20,720 Saparmyrat Türkmenbaşy
0%
Turkmenistan 13,251 Saparmyrat Türkmenbaşy
0%
Turkmenistan 31,269 Sarahs
0%
Kazakhstan 76,919 Sarkand
0%
Tajikistan 15,600 Šarora
0%
Kazakhstan 25,139 Saryaghash
0%
Kazakhstan 15,132 Sarykemer
0%
Kazakhstan 13,930 Saryozek
0%
Turkmenistan 21,619 Saýat
0%
Turkmenistan 16,038 Serhetabat
0%
Turkmenistan 29,670 Seýdi
0%
Kazakhstan 13,273 Shakhan
0%
Kazakhstan 41,602 Shakhtinsk
0%
Kazakhstan 27,072 Shalkar
0%
Kazakhstan 27,399 Shalqar
0%
Kazakhstan 11,836 Shetpe
0%
Uzbekistan 26,527 Shofirkon Shahri
0%
Uzbekistan 24,900 Sho‘rchi
0%
Uzbekistan 26,950 Shovot
0%
Kazakhstan 11,733 Shubarkuduk
0%
Uzbekistan 26,816 Sirdaryo
0%
Tajikistan 27,300 Somoniën
0%
Kyrgyzstan 10,018 Šopokov
0%
Kazakhstan 42,552 Soran
0%
Tajikistan 13,300 Sovet
0%
Tajikistan 11,200 Suġdiën
0%
Kyrgyzstan 13,702 Sùlùktù
0%
Turkmenistan 13,312 Tagtabazar
0%
Kazakhstan 13,148 Taiynsha
0%
Kazakhstan 42,194 Talghar
0%
Kazakhstan 16,455 Tasbuget
0%
Kyrgyzstan 18,868 Taš-Kômùr
0%
Kazakhstan 26,678 Tekeli
0%
Kazakhstan 12,245 Temirlanovka
0%
Uzbekistan 140,385 Tirmiz
0%
Kyrgyzstan 20,852 Toktogul
0%
Uzbekistan 27,862 To‘rqao‘rg‘on
0%
Uzbekistan 28,562 Toshbuloq
0%
Uzbekistan 26,686 Toshloq
0%
Kazakhstan 18,421 Turar Ryskulov
0%
Kazakhstan 13,000 Turgen
0%
Turkmenistan 16,696 Türkmengala
0%
Tajikistan 57,800 Tursunzoda
0%
Uzbekistan 20,682 Tŭytepa
0%
Kazakhstan 10,802 Tyul’kubas
0%
Tajikistan 12,500 Ḳubodiën
0%
Uzbekistan 33,323 Uchqŭrghon Shahri
0%
Uzbekistan 47,373 Urgut Shahri
0%
Uzbekistan 14,047 Ŭrtaowul
0%
Kazakhstan 20,492 Ushtobe
0%
Kazakhstan 319,067 Ust-Kamenogorsk
0%
Uzbekistan 29,683 Uychi
0%
Tajikistan 16,700 Vachš
0%
Tajikistan 54,400 Vah̦dat
0%
Uzbekistan 16,697 Vobkent Shahri
0%
Uzbekistan 16,889 Xo‘jaobod
0%
Uzbekistan 50,000 Xo‘jayli Shahri
0%
Turkmenistan 10,488 Ýagtyýol
0%
Uzbekistan 14,114 Yangi Marg‘ilon
0%
Uzbekistan 24,900 Yangiobod
0%
Uzbekistan 28,422 Yangiqo‘rg‘on
0%
Uzbekistan 25,027 Yangirabot
0%
Uzbekistan 32,636 Yangiyer
0%
Uzbekistan 60,000 Yangiyŭl
0%
Kazakhstan 21,339 Yanykurgan
0%
Uzbekistan 20,332 Yaypan
0%
Kazakhstan 11,836 Yeraliyev
0%
Kazakhstan 14,169 Yermentau
0%
Turkmenistan 30,709 Ýolöten
0%
Uzbekistan 24,781 Zafar
0%
Tajikistan 18,200 Zafarobod
0%
Kazakhstan 17,600 Zaysan
0%
Kazakhstan 33,492 Zhangatas
0%
Kazakhstan 20,065 Zhosaly
0%
Uzbekistan 27,077 Zomin Shaharchasi
0%
Kazakhstan 44,929 Zyryanovsk
0%
No matching quizzes found
Score Distribution
Percent of People with Each Score
Percentile by Number Answered
Your Score History
You have not taken this quiz